00632nam a2200277Ia 4500003000400000005001700004008004000021020001800061040000700079041000800086082001800094100002400112245005700136250000600193260003200199300001400231650001300245650001600258650001700274650000800291650000700299650001600306650000700322650000600329700001900335OSt20230929143223.0210210b2017 xxu||||| |||| 00| 0 eng d a9789386105233 cAL aeng a510.2433 PEMM aPEMBERTON (Malcolm) aMathematics for economists: an introductory textbook a4 aNew DelhibViva booksc2017 axviii,757 atextbook aMathematics aintroductory afor aEd aeconomists: aan a4 aRAU (Nicholas)